000 00400nam a2200145Ia 4500
008 100122s9999 xx 000 0 und d
082 _b37701
_a823
100 _aसाठे शंकर
245 _aसुगंधा
260 _bविद्यार्थी प्रकाशन
_c1905
300 _a163
630 _aसुगंधा
730 _aसुगंधा
942 _cBOOK
999 _c420063
_d420060